000
00259nam a2200097Ia 4500
008
240331s9999 xx 000 0 und d
082
_b
COL
100
_a
Subaltern Studies . ed
245
2
_a
A collection of research papers on gender :
_b
women's issues
942
_c
L
999
_c
1706
_d
1706